| 000 | 00864 a2200277 4500 | ||
|---|---|---|---|
| 001 | 200131040 | ||
| 003 | TR-AnTOB | ||
| 005 | 20240902111000.0 | ||
| 008 | 131217s2013 tu 000 0 | ||
| 040 |
_aTR-AnTOB _cTR-AnTOB _beng _erda |
||
| 041 | _atur | ||
| 060 |
_aWA 900 JT8 _b.T87 2013 |
||
| 096 | _aWA 900 JT8 .T87 2013 | ||
| 245 | 1 | 0 |
_aSağlık istatistikleri cep yıllığı 2012 / _chazırlayanlar ; Berrak Bora Başara, Cemil Güler, Birsen Birge. |
| 264 | 1 |
_aAnkara: _bSağlık Bakanlığı, _c2013 |
|
| 300 |
_axii, 108 sayfa; _c16 cm. |
||
| 650 | 2 |
_aHealth Status Indicators _9117251 |
|
| 653 | 5 | _aTurkey | |
| 700 | 1 |
_aYentür, Gökalp Kadri _989097 |
|
| 700 | 1 |
_aGüler, Cemil _989098 |
|
| 700 |
_aBora Başara, Berrak _975081 |
||
| 700 | 1 |
_aPulgat, Erman _989100 |
|
| 700 | 1 |
_aEkinci, Mamak Burcu _994694 |
|
| 942 |
_cBK _2lcc |
||
| 999 |
_c200131040 _d16279 |
||